000 00760nam a22002177a 4500
003 UA-OsUOA
001 46273
007 ta
008 20070612b un ||||| |||| 00| 0 ukr d
100 _aТоменко М.
090 _a32
_bТ-11
942 _cSA
040 _aUA-OsUOA
_bukr
_cUA-OsUOA
_dUA-OsUOA
245 _aЗастурник Голови Верховної Ради України V скликання, кандидат історичних наук Микола Томенко: "Любити Україну варто за покликом серця, а не за рішенням органів влади"
300 _aС.3
955 _a0
041 _aukr
080 _a32
773 0 _w46272
650 7 _a32 Політика
_2UDC
999 _c332369
_d332369